00564nam a2200193 a 4500001001300000003000900013005001700022008004100039020002600080082001900106100002200125245006600147260003100213300000900244500003500253505001200288650003000300650004000330nice12345678IN_TiNIC20260116013805.0050524s1991 newa grp 000 0 eng  a0873321 c879.5500a958.40088bPOL aPoliakov, Sergeri aEveryday Islamb Religion and Tradition in Rural Central Asia aNew YorkbM E Sharpec1991 a155p aincludes index and biblioraphy2 aIndices aIslam-Soviet Central Asia aSoviet Central Asia-Social Life & C